|
|
|
|
| LEADER |
00000nab a2200000 a 4500 |
| 001 |
vtls009090814 |
| 003 |
SK-MaSNL |
| 005 |
20260305043451.0 |
| 008 |
250507|2006 xo u|me|||||||00 ||slo |
| 015 |
|
|
|a SNBRA2007/08
|
| 035 |
|
|
|a (uuid)1bf9e47d-3f8a-4bfc-8a0f-b6e3c5f330c6
|
| 035 |
|
|
|a urn:nbn:sk:snk-abadmw
|
| 035 |
|
|
|a (urnnbn)urn:nbn:sk:snk:ar-008c79
|
| 038 |
|
|
|a SNKBUCL
|
| 040 |
|
|
|a SNKBUCL
|b slo
|c SNKBUCL
|e AACR2
|
| 041 |
0 |
|
|a slo
|
| 044 |
|
|
|a xo
|c SK
|
| 080 |
|
|
|a 271.2
|x (73)
|2 2001
|
| 080 |
|
|
|a 272
|2 2001
|
| 100 |
1 |
|
|a Župina, Miroslav,
|d 1973-
|4 aut
|9 242401
|
| 245 |
1 |
0 |
|a Únia a návrat k pravosláviu
|b (z dejín našich vysťahovalcov v USA)
|c Miroslav Župina
|
| 504 |
|
|
|a Bibliogr. odkazy
|
| 610 |
2 |
7 |
|a Rímsko-katolícka cirkev
|2 snkbucl
|9 279572
|
| 650 |
0 |
7 |
|a pravoslávie
|2 snkbucl
|9 4092
|
| 650 |
0 |
7 |
|a katolicizmus
|2 snkbucl
|9 4024
|
| 650 |
0 |
7 |
|a uniatské cirkvi
|2 snkbucl
|9 49896
|
| 650 |
0 |
7 |
|a pravoslávne cirkvi
|2 snkbucl
|9 84045
|
| 650 |
0 |
7 |
|a emigrácia
|2 snkbucl
|9 3822
|
| 651 |
|
7 |
|a Spojené štáty americké
|2 snkbucl
|9 18262
|
| 773 |
0 |
|
|t Pravoslávny teologický zborník XXX (15)
|d Prešov : Prešovská univerzita - Pravoslávna bohoslovecká fakulta, 2006
|g S. 223-235
|z 808068541X
|
| 850 |
|
|
|a Slovenská národná knižnica
|
| 852 |
|
|
|a Slovenská národná knižnica
|
| 954 |
|
|
|a odborná, vedecká literatúra pôvodná (slovenská)
|2 lita
|
| 958 |
|
|
|a article14
|
| 958 |
|
|
|a OND
|
| 958 |
|
|
|a SK
|
| 958 |
|
|
|a NB
|
| 958 |
|
|
|a US
|
| 958 |
|
|
|a EUIPO
|
| 999 |
|
|
|c 3353742
|d 3355672
|